Библиотечное обслуживание: новая реальность: Лекции

Detalhes bibliográficos
Autor principal: Дворкина М. Я. Маргарита Яковлевна
Idioma:russo
Publicado em: Москва, Изд-во МГУКИ, 2000
Colecção:Современная библиотека
Assuntos:
Formato: MixedMaterials Livro
KOHA link:https://koha.lib.tpu.ru/cgi-bin/koha/opac-detail.pl?biblionumber=71161

MARC

LEADER 00000nam0a2200000 4500
001 71161
005 20231031082358.0
010 |a 5856520637 
010 |a 5-88283-020-6 
035 |a (RuTPU)RU\TPU\book\75763 
090 |a 71161 
100 |a 20041209d2000 m y0rusy50 ca 
101 0 |a rus 
102 |a RU 
105 |a y j 001zy 
200 1 |a Библиотечное обслуживание: новая реальность  |e Лекции  |f М. Я. Дворкина 
210 |a Москва  |c Изд-во МГУКИ  |d 2000 
215 |a 48 с.  |c без ил. 
225 1 |a Современная библиотека  |h Вып. 2 
320 |a Рекомендуемая литература: с.43-45 
610 1 |a библиотечные услуги 
610 1 |a библиотечное обслуживание 
610 1 |a библиотеки 
610 1 |a лекции 
686 |a Ч735.27  |v LBC/SL-A  |2 rubbk 
700 1 |a Дворкина  |b М. Я.  |g Маргарита Яковлевна 
801 1 |a RU  |b 63413507  |c 20041209  |g PSBO 
801 2 |a RU  |b 63413507  |c 20150203  |g PSBO 
942 |c BK